00483nam a2200181 a 4500001001300000003000900013005001700022008004100039020002300080082001700103100001600120245004300136260003600179300000900215500003500224505001000259650003200269nice12345678IN_TiNIC20260116014400.0111117s2011 newa grp 000 0 eng  a9789380833286c92500a297.09bSHA2 aSharma, H C aHistory and Conquests of Muslim Rulers aNew Delhi bGlobal Pubs. c2011 a312p aincludes index and biblioraphy2 aIndex aIslam-History-Muslim Period